000 00314nam a2200133 i 4500
001 bg
100 1 _aRESENDE, Eliseu
245 0 _aHighways and Brazil's Development /
_cEliseu Resende.
260 _aMunich,
_c1973.
040 _cBPK
041 _apol
942 _cKS
008 s pl f |000 0 pol
999 _c27142
_d27142